[Event "16th Asian Games Team Men"]
[Site "Guangzhou CHN"]
[Date "2010.11.22"]
[Round "5"]
[White "Sasikiran,K"]
[Black "Antonio,R"]
[Result "1/2-1/2"]
[WhiteElo "2688"]
[BlackElo "2573"]

1.d4 Nf6 2.c4 e6 3.g3 Bb4+ 4.Bd2 Bxd2+ 5.Qxd2 d5 6.Bg2 O-O 7.Nf3 Qe7 8.O-O Rd8
9.Qc2 c5 10.cxd5 cxd4 11.Nxd4 Nxd5 12.Nc3 Nxc3 13.Qxc3 e5 14.Rac1 exd4 15.Qxc8 Nc6
16.Qg4 Rd6 17.Rfd1 Rad8 18.Rd2 g6 19.h4 h5 20.Qg5 Qe6 21.Bxc6 bxc6 22.Rxc6 Qxa2
23.Rxd6 Rxd6 24.Qe7 Qa1+ 25.Kg2 Qa5 26.Rc2 Rd8 27.Rc5 Qb6 28.Rc7 Rf8 29.Rxa7 Qxb2
30.Rd7 Qb6 31.f3 Qc6 32.Kf2 Qb6 33.Qd6 Qxd6 34.Rxd6 Kg7 35.Rxd4 Ra8 36.Ke3 Ra2
37.Re4 Rb2 38.Re8 Rb4 39.Re4 Rb2 40.Kf4 Ra2 41.Re7 Kf6 42.Re8 Ra4+ 43.e4 Ra3
44.Rb8 Rc3 45.Rb6+ Ke7 46.Rb5 Kf6 47.g4 hxg4 48.Kxg4 Rc1 49.h5 gxh5+ 50.Rxh5 Ke6
51.Ra5 Rg1+ 52.Kf4 f6 53.Ra6+ Kf7 54.Ke3 Rb1 55.Ra3 Rb4 56.f4 Rb1 57.Ra7+ Kf8
58.Kf3 Rb4 59.Rc7 Ra4 60.Rd7 Rb4 61.Ke3 Ra4 62.Rb7 Ke8 63.f5 Kf8 64.Rc7 Ke8
65.Kd3 Ra1 66.Kd4 Rd1+ 67.Kc5 Rd2 68.Rc6 Ke7 69.Rc7+ Ke8 70.Rb7 Rd1 71.Rb4 Ke7
72.Rd4 Rc1+ 73.Kd5 Rc8 74.Ra4 Rd8+ 75.Kc5 Rd1 76.Ra7+ Ke8 77.Ra6 Ke7 78.Re6+ Kf7
79.Rd6 Rc1+ 80.Kd5 Rd1+ 81.Kc6 Rc1+ 82.Kd7 Rc4 83.Re6 Rd4+ 84.Kc6 Rd1 85.Rd6 Rc1+
86.Kd5 Rd1+ 87.Kc5 Rc1+ 88.Kb4 Ke7 89.Rd4 Rc2 90.Rc4 Rd2 91.Kc3 Rd1 92.Rd4 Rc1+
93.Kd2 Rh1 94.Ke3 Re1+ 95.Kf2 Ra1 96.Rd3 Ra4 97.Kf3 Ra1 98.Rb3 Ke8 99.Rb7 Kf8
100.Rc7 Rf1+ 101.Kg4 Rg1+ 102.Kh5 Rg5+ 103.Kh6 Rg1 104.Kh7 Rg2 105.Kh6 Rg1
106.Kh5 Rg5+ 107.Kh6  1/2-1/2

[Event "16th Asian Games Team Final Men"]
[Site "Guangzhou CHN"]
[Date "2010.11.25"]
[Round "1"]
[White "Antonio,R"]
[Black "Sasikiran,K"]
[Result "1-0"]
[WhiteElo "2573"]
[BlackElo "2688"]

1.e4 c5 2.Nf3 d6 3.c3 Nf6 4.Be2 Nbd7 5.d3 b6 6.O-O Bb7 7.c4 e6 8.h3 Be7 9.Bf4 O-O
10.Nc3 Qb8 11.Bh2 a6 12.a3 Ne5 13.d4 cxd4 14.Qxd4 Ned7 15.b4 Rd8 16.Rfd1 Ne8
17.Rac1 a5 18.Qe3 axb4 19.axb4 e5 20.Nd5 Bf8 21.Nd2 Nef6 22.Bg3 Ra4 23.Nxf6+ Nxf6
24.Bh4 Rxb4 25.Bxf6 gxf6 26.Qa3 d5 27.cxd5 f5 28.Nc4 f4 29.Qf3 Ba6 30.Qg4+ Bg7
31.d6 Bb5 32.Qh4 h6 33.d7 Rxd7 34.Rxd7 Bxd7 35.Qe7 Rxc4 36.Bxc4 Qe8 37.Qxe8+ Bxe8
38.Bd5 Bf8 39.Rc8 Ba4 40.Rc7 Be8 41.Rb7 Kg7 42.Rxb6 Bc5 43.Rb7 Kf6 44.Kf1 Kg6
45.g3 fxg3 46.fxg3 f5 47.Kg2 Kf6 48.Rh7 Bg6 49.Rc7 Bd6 50.Rc6 Ke7 51.exf5 Bxf5
52.g4 Bd3 53.Kf3 Kd7 54.Rb6 Ke7 55.h4 Bc2 56.Rb7+ Kf6 57.Rf7+ Kg6 58.Rd7 Bc5
59.Be4+ Bxe4+ 60.Kxe4 Bf2 61.h5+ Kf6 62.Rd6+ Kg7 63.Rg6+ Kh7 64.Kxe5 Be3
65.Kf5 Bf2 66.Ke5 Be3 67.Kf5 Bd2 68.Rd6 Bg5 69.Rd7+ Kg8 70.Kg6 Kf8 71.Rh7 Bd2
72.Kf5 Bg5 73.Rd7 Kg8 74.Kg6 Kf8 75.Rh7  1-0

[Event "Gibraltar Masters"]
[Site "Caleta ENG"]
[Date "2011.01.30"]
[Round "6.10"]
[White "Sasikiran,K"]
[Black "Korchnoi,V"]
[Result "1/2-1/2"]
[WhiteElo "2690"]
[BlackElo "2544"]

1.d4 Nf6 2.c4 e6 3.g3 Bb4+ 4.Bd2 c5 5.Bxb4 cxb4 6.Bg2 O-O 7.Nf3 d6 8.O-O Re8
9.a3 Nc6 10.axb4 Nxb4 11.Ne1 Qc7 12.Qb3 Nc6 13.Nc2 Bd7 14.Nba3 a6 15.Rfd1 Rac8
16.Ne3 Na5 17.Qb4 b6 18.Rd3 h6 19.Qe1 Nc6 20.b4 Ne7 21.Rdd1 d5 22.Rdc1 Qb8
23.Qd2 dxc4 24.Nexc4 Bc6 25.Bxc6 Rxc6 26.b5 axb5 27.Nxb5 Rd8 28.Na7 Rc7 29.Nb5 Rc6
30.Qb2 Ng6 31.Na7 Rc7 32.Nb5 Rc6 33.Rc2 h5 34.Na7 Rc7 35.Nb5 Rc6 36.Rac1 h4
37.Ne3 Rxc2 38.Qxc2 Qb7 39.Qc7 Qxc7 40.Rxc7 hxg3 41.hxg3 Nd5 42.Rb7 e5 43.Nc4 exd4
44.Nxd4 Nf8 45.e3 Rc8 46.Nd6 Rc7 47.Rb8 g6 48.Kg2 Rc1 49.e4 Rd1 50.exd5 Rxd4
51.Ne8 Kh8 52.d6 Kg8 53.Rxb6 Nd7 54.Ra6 f6 55.Ra7 Kf8 56.Ra8 Kf7 57.Rd8 f5
58.Rxd7+  1/2-1/2

[Event "Gibraltar Masters"]
[Site "Caleta ENG"]
[Date "2011.02.01"]
[Round "8.8"]
[White "Sasikiran,K"]
[Black "Sengupta,D"]
[Result "1/2-1/2"]
[WhiteElo "2690"]
[BlackElo "2530"]

1.d4 d5 2.c4 dxc4 3.e3 Nf6 4.Bxc4 e6 5.Nf3 c5 6.O-O a6 7.Bb3 Nc6 8.Nc3 Be7
9.Qe2 cxd4 10.Rd1 e5 11.exd4 exd4 12.Be3 Bg4 13.Ba4 b5 14.Nxb5 axb5 15.Bxb5 O-O
16.Bxc6 Qb6 17.Bxd4 Qxc6 18.Qxe7 Bxf3 19.gxf3 Rfe8 20.Qc5 Qxf3 21.Qc3 Qg4+
22.Qg3 Qf5 23.Re1 h6 24.a3 Ra6 25.Qg2 Rd6 26.Bc3 Rxe1+ 27.Rxe1 Nh5 28.Re8+ Kh7
29.Qe4 Rg6+ 30.Kf1 Qd7 31.Re5 Qd1+ 32.Be1 Nf6 33.Qe2 Qd7 34.Qb5 Qg4 35.Qd3 Qf4
36.Rf5 Qc1 37.b4 Qc7 38.h3 Qb7 39.Ke2 Qe7+ 40.Kd1 Kg8 41.f4 Qe6 42.Re5 Qa2
43.Rc5 Ne8 44.Re5 Nd6 45.Re2 Qa1+ 46.Kc2 Qa2+ 47.Kc1 Qa1+ 48.Kc2  1/2-1/2

[Event "Gibraltar Masters"]
[Site "Caleta ENG"]
[Date "2011.02.03"]
[Round "10.10"]
[White "Sasikiran,K"]
[Black "Dzagnidze,N"]
[Result "0-1"]
[WhiteElo "2690"]
[BlackElo "2550"]

1.d4 Nf6 2.c4 e6 3.g3 d5 4.Bg2 Bb4+ 5.Bd2 Be7 6.Nf3 O-O 7.O-O c6 8.Qc2 b6
9.Rd1 a5 10.Bf4 Ba6 11.Nbd2 b5 12.c5 b4 13.Re1 Nh5 14.Bxb8 Rxb8 15.e4 Nf6
16.e5 Nd7 17.Bf1 Qc8 18.h4 Bxf1 19.Nxf1 f6 20.exf6 Bxf6 21.Ne3 Qe8 22.Ng4 Qh5
23.Nfe5 Bxe5 24.Nxe5 Nxe5 25.Rxe5 Qg4 26.Qd1 Rf3 27.Re3 Rbf8 28.Qe2 h5 29.Rxf3 Rxf3
30.Re1 Rf6 31.Qd2 Kf7 32.a3 bxa3 33.bxa3 a4 34.Qb2 Rf3 35.Qb7+ Kg6 36.Kg2 Qf5
37.Qb2 Rb3 38.Qc1 Rd3 39.Qb1 Kh7 40.Qb2 Qf3+ 41.Kg1 Rxa3 42.Qb1+ Rd3 43.Qc2 a3
44.Kh2 Kg8 45.Rb1 Kf7 46.Re1 Rb3 47.Rxe6 Kxe6 48.Qg6+ Ke7 49.Qxg7+ Kd8 50.Qh8+ Kd7
51.Qg7+ Kc8  0-1

[Event "27th Open"]
[Site "Cappelle la Grande FRA"]
[Date "2011.03.01"]
[Round "5.33"]
[White "Sasikiran,K"]
[Black "Asefi,Z"]
[Result "1-0"]
[WhiteElo "2690"]
[BlackElo "2078"]

1.d4 Nf6 2.Nf3 g6 3.Bg5 Bg7 4.Nbd2 d5 5.e3 c5 6.c3 cxd4 7.exd4 Nc6 8.Bd3 O-O
9.O-O Re8 10.Re1 Nh5 11.Nf1 Qc7 12.Ng3 Nf4 13.Bc2 h6 14.Bxf4 Qxf4 15.h3 Bd7
16.Bb3 Qd6 17.Re3 Na5 18.Ne5 Nxb3 19.axb3 a6 20.Qf3 Rf8 21.Rae1 Rae8 22.Qe2 Bf6
23.c4 Bc6 24.c5 Qc7 25.b4 Bb5 26.Qc2 Kg7 27.Rf3 e6 28.h4 h5 29.Nxh5+ gxh5
30.Rg3+ Kh8 31.Qd1 Bg7 32.Qxh5+ Kg8 33.Ng4 Qxg3 34.fxg3 Bxd4+ 35.Kh2 f5 36.Qg6+ Bg7
37.Nh6+ Kh8 38.Rxe6 Rxe6 39.Qxe6 Rf6 40.Qg8+  1-0

[Event "27th Open"]
[Site "Cappelle la Grande FRA"]
[Date "2011.03.04"]
[Round "8.6"]
[White "Sasikiran,K"]
[Black "Shneider,Alek"]
[Result "1-0"]
[WhiteElo "2690"]
[BlackElo "2518"]

1.d4 Nf6 2.c4 e6 3.g3 d5 4.Bg2 Bb4+ 5.Bd2 Be7 6.cxd5 exd5 7.Nc3 O-O 8.e3 c5
9.Nge2 Nc6 10.O-O cxd4 11.exd4 Bf5 12.Be3 Qb6 13.Na4 Qa6 14.Nc5 Qb5 15.b3 Rad8
16.Rc1 b6 17.a4 Qb4 18.Nd3 Qd6 19.Bf4 Qe6 20.Re1 Nb4 21.Ne5 Rc8 22.Nc3 Rfe8
23.Nb5 Nc2 24.Nxa7 Ra8 25.Nb5 Nxe1 26.Nc7 Qc8 27.Nxe8 Qxe8 28.Qxe1 Bd6 29.Bf1 Ba3
30.Rc7 Be6 31.Bb5 Qf8 32.f3 Bb2 33.Be3 Qa3 34.Qd1 Ne8 35.Rc6 Nd6 36.Bd3 Nf5
37.Bxf5 Bxf5 38.g4 Be6 39.Kg2 h5 40.h3 hxg4 41.hxg4 Re8 42.Qc2 Qa1 43.Qd3 Rb8
44.Bf2 Ba3 45.g5 Re8 46.g6 f6 47.Rxe6 Rxe6 48.Qf5 Re8 49.Ng4  1-0

[Event "27th Open"]
[Site "Cappelle la Grande FRA"]
[Date "2011.03.05"]
[Round "9.2"]
[White "Ipatov,A ESP"]
[Black "Sasikiran,K"]
[Result "1/2-1/2"]
[WhiteElo "2512"]
[BlackElo "2690"]

1.d4 Nf6 2.c4 e6 3.Nf3 b6 4.g3 Ba6 5.Qb3 Nc6 6.Nbd2 Bb7 7.e4 d5 8.cxd5 exd5
9.e5 Ne4 10.Bd3 Be7 11.Nxe4 dxe4 12.Bxe4 Nxd4 13.Qa4+ b5 14.Qxd4 Qxd4 15.Nxd4 Bxe4
16.O-O a6 17.Re1 Bd5 18.Nf5 Bf8 19.Bf4 g6 20.Ne3 Be6 21.Red1 h6 22.h4 Rd8
23.Rdc1 Kd7 24.a4 b4 25.Rc2 b3 26.Rd1+ Kc8 27.Rxd8+ Kxd8 28.Rd2+ Kc8 29.Nd5 Kb7
30.Be3 Bf5 31.Bd4 Bg7 32.Nf6 Kc6 33.Bc3 Rb8 34.g4 Be6 35.f3 Bf8 36.Kf2 Bc5+
37.Kg3 Be7 38.Ne4 Kb7 39.Nf6 c5 40.f4 Kc6 41.Rf2 c4 42.f5 gxf5 43.gxf5 Bd5
44.Nxd5 Kxd5 45.Rd2+ Ke4 46.Rd4+ Kxf5 47.Rf4+ Kg6 48.Rxc4 Kh5 49.Rc6 Rg8+
50.Kf3 Rg6 51.Rc7 Re6 52.Rb7 Kg6 53.Rxb3 Bxh4 54.Rb7 h5 55.Bd4 Rc6 56.a5 Bd8
57.b4 h4 58.Rd7 Rc8 59.Kg4 Bc7 60.b5 axb5 61.a6 Bb8 62.a7 Bxa7 63.Bxa7 Rc4+
64.Rd4 f6 65.e6 f5+  1/2-1/2

[Event "13th Dubai Open"]
[Site "Dubai UAE"]
[Date "2011.04.11"]
[Round "2"]
[White "Satyapragyan,S"]
[Black "Sasikiran,K"]
[Result "1/2-1/2"]
[WhiteElo "2459"]
[BlackElo "2682"]

1.e4 c5 2.Nf3 d6 3.d4 cxd4 4.Nxd4 Nf6 5.Nc3 a6 6.Bc4 e6 7.Bb3 b5 8.Bg5 Be7
9.Qf3 Qc7 10.e5 Bb7 11.exd6 Bxd6 12.Qe3 Bc5 13.O-O-O Nc6 14.Bxf6 gxf6 15.Nd5  1/2-1/2

[Event "13th Dubai Open"]
[Site "Dubai UAE"]
[Date "2011.04.12"]
[Round "3"]
[White "Sasikiran,K"]
[Black "Gutov,A"]
[Result "1-0"]
[WhiteElo "2682"]
[BlackElo "2445"]

1.e4 e5 2.Nf3 Nc6 3.Bb5 a6 4.Ba4 Nf6 5.O-O Be7 6.Re1 b5 7.Bb3 O-O 8.h3 d5
9.exd5 Nxd5 10.Nxe5 Nxe5 11.Rxe5 c6 12.d3 Bd6 13.Re1 Bc7 14.Nd2 Qd6 15.Nf1 Bb7
16.Qf3 Rab8 17.Qg3 Qd7 18.Qg4 f5 19.Qg5 Rf6 20.Bf4  1-0

[Event "13th Dubai Open"]
[Site "Dubai UAE"]
[Date "2011.04.13"]
[Round "4"]
[White "Sasikiran,K"]
[Black "Petrosian,DG"]
[Result "1-0"]
[WhiteElo "2682"]
[BlackElo "2480"]

1.d4 Nf6 2.c4 g6 3.Nc3 Bg7 4.g3 O-O 5.Bg2 d6 6.Nf3 c5 7.d5 e5 8.dxe6 Bxe6
9.Ng5 Bxc4 10.Bxb7 Nbd7 11.Qxd6 h6 12.Nh3 g5 13.O-O Rb8 14.Bg2 Qa5 15.Qd1 Rfe8
16.Kh1 Bb3 17.axb3  1-0

[Event "3rd Lublin GM"]
[Site "Lublin POL"]
[Date "2011.05.16"]
[Round "2"]
[White "Sasikiran,K"]
[Black "Alekseev,Evgeny"]
[Result "1-0"]
[WhiteElo "2676"]
[BlackElo "2673"]

1.d4 d5 2.c4 e6 3.Nf3 Nf6 4.g3 dxc4 5.Bg2 Nc6 6.Qa4 Bb4+ 7.Bd2 Nd5 8.Bxb4 Nxb4
9.Nc3 Bd7 10.O-O a5 11.Qd1 O-O 12.e3 a4 13.Qe2 Na5 14.Ne5 Nd5 15.Nxd5 exd5
16.Bxd5 Bh3 17.Qf3 Bxf1 18.Bxf7+ Kh8 19.Rxf1 Nc6 20.Qh5 Nxe5 21.dxe5 Ra5
22.Rd1 Qe7 23.Bg6 h6 24.f4 Rb5 25.Bc2 Rb6 26.Qf3 Rd8 27.Rxd8+ Qxd8 28.Qe4 g6
29.e6 Qe7 30.f5 gxf5 31.Qd4+ Kg8 32.Bxf5 Rd6 33.Qxc4 Kf8 34.Bg4 Qg7 35.Kg2 Qf6
36.Qc2 Rd5 37.e4 Rb5 38.b3 c6 39.Bf5 a3 40.Kh3 Qe7 41.Qc3 Kg8 42.Qd3 Rc5
43.Qd7 Kf8 44.Qd2 Kg7 45.Qb4 Kf8 46.Qxa3 Rc2 47.b4 Qd8 48.Qf3 Ke7 49.e5 Rb2
50.Qc3 Qd2 51.Qc5+ Kd8 52.e7+  1-0

[Event "8th World Teams"]
[Site "Ningbo CHN"]
[Date "2011.07.24"]
[Round "7"]
[White "El Gindy,E"]
[Black "Sasikiran,K"]
[Result "1/2-1/2"]
[WhiteElo "2510"]
[BlackElo "2681"]

1.d4 Nf6 2.c4 e6 3.Nf3 b6 4.g3 Ba6 5.Qa4 Be7 6.Bg2 O-O 7.O-O c6 8.Nc3 d5
9.cxd5 cxd5 10.Ne5 b5 11.Nxb5 Qe8 12.Nc3 Qxa4 13.Nxa4 Bxe2 14.Re1 Bb5 15.Nc5 Nbd7
16.Ncxd7 Nxd7 17.Nxd7 Bxd7 18.Bxd5 Rac8 19.Bb3 Bf6 20.Be3 Bc6 21.Rac1 Bf3
22.Rc3 g5 23.Rec1 Rcd8 24.h3 h6 25.Bc4 Rd6 26.Bf1 Rfd8 27.Bg2 Bxg2 28.Kxg2 Bxd4
29.Bxd4 Rxd4 30.Rc8 Rxc8 31.Rxc8+ Kg7 32.Ra8 Ra4 33.a3 h5 34.Rc8 h4 35.Rc5 Kg6
36.g4 Kf6 37.Kf3 Kg6 38.Re5 Ra6 39.Rc5 Rb6 40.Ra5 a6 41.b4 f5 42.gxf5+ exf5
43.a4 Rxb4 44.Rxa6+ Kh5 45.Ra5 Rf4+ 46.Kg2 Kg6 47.Ra8 g4 48.a5 gxh3+ 49.Kxh3 Ra4
50.f4 Rxf4 51.a6 Ra4 52.a7 Kg7 53.Rb8 Rxa7 54.Kxh4 Kf6 55.Kg3 Ra3+ 56.Kf4 Ra4+
57.Kf3 Ra3+ 58.Kf4 Ra4+ 59.Kf3  1/2-1/2

[Event "Corsica Masters 2011"]
[Site "Bastia FRA"]
[Date "2011.10.22"]
[Round "1"]
[White "Sasikiran,K"]
[Black "Kirk,Ez"]
[Result "1-0"]
[WhiteElo "2689"]
[BlackElo "2122"]

1.d4 Nf6 2.c4 g6 3.Nc3 Bg7 4.e4 d6 5.f3 O-O 6.Bg5 c5 7.d5 e6 8.Qd2 a6 9.a4 h6
10.Be3 exd5 11.cxd5 Re8 12.Nge2 h5 13.Nf4 Nbd7 14.Be2 Rb8 15.O-O Ne5 16.Kh1 Nh7
17.a5 b5 18.axb6 Rxb6 19.Ra2 Rb4 20.Qc2 Bh6 21.Ne6 fxe6 22.Bxh6 Nf7 23.Bd2 e5
24.Nd1 Rb8 25.Ne3 Nf6 26.Bxa6 Bd7 27.Be1 Kg7 28.Bc4 Rb7 29.Kg1 Rh8 30.Bc3 Qe7
31.Rfa1 h4 32.Ba6 Rbb8 33.Bf1 Rb7 34.Ra7 Rhb8 35.Rxb7 Rxb7 36.Qf2 Nh5 37.f4 Kh7
38.fxe5 Nxe5 39.Nc4 Ng4 40.Ra8 g5 41.Qf8 Qxf8 42.Rxf8  1-0

[Event "Corsica Masters 2011"]
[Site "Bastia FRA"]
[Date "2011.10.23"]
[Round "2"]
[White "Saada,J"]
[Black "Sasikiran,K"]
[Result "0-1"]
[WhiteElo "2313"]
[BlackElo "2689"]

1.d4 Nf6 2.c3 g6 3.Bg5 Bg7 4.Nd2 d5 5.Ngf3 Nbd7 6.e3 O-O 7.Bd3 Re8 8.O-O e5
9.dxe5 Nxe5 10.Nxe5 Rxe5 11.Nf3 Re8 12.h3 c6 13.Qc2 Qb6 14.Bxf6 Bxf6 15.e4 dxe4
16.Bxe4 Be6 17.Rfe1 Rad8 18.b3 a5 19.Rad1 Qc5 20.c4 a4 21.Rxd8 Rxd8 22.Rd1 Ra8
23.Qd2 axb3 24.axb3 Kg7 25.Nd4 Bc8 26.Qe3 Qe5 27.b4 Ra4 28.Nc2 Be6 29.c5 Qc3
30.Qxc3 Bxc3 31.Rd3 Be5 32.Re3 Bf6 33.b5 cxb5 34.Bxb7 Rc4  0-1

[Event "Corsica Masters 2011"]
[Site "Bastia FRA"]
[Date "2011.10.24"]
[Round "4"]
[White "Grigoryan,Av"]
[Black "Sasikiran,K"]
[Result "1/2-1/2"]
[WhiteElo "2614"]
[BlackElo "2689"]

1.Nf3 Nf6 2.c4 b6 3.d4 e6 4.g3 Ba6 5.Qc2 Bb7 6.Bg2 c5 7.d5 exd5 8.cxd5 Nxd5
9.O-O Be7 10.Rd1 Nc6 11.Qa4 Nf6 12.Nh4 O-O 13.Nf5 d5 14.Nc3 Nd4 15.Nxd4 cxd4
16.Rxd4 Bc5 17.Rd3 Qe8 18.Be3 Bxe3 19.Rxe3 Qxa4 20.Nxa4 d4 21.Rd3 Bxg2 22.Kxg2 Rac8
23.Rxd4 Rc2 24.Kf3 Re8 25.e4 h5 26.h3 b5 27.Nc3 Rxb2 28.Nd1 Rc2 29.a4 a6
30.axb5 axb5 31.Ra7 Rc5 32.Rb7 h4 33.gxh4 Rc4 34.Rxc4 bxc4 35.Ne3 Rxe4 36.Ng4 Re6
37.Rc7 Ne4 38.Ne3 Nd6 39.Nxc4 Rf6+ 40.Kg2 Ne4 41.f3 Nd6 42.Nxd6 Rxd6 43.Kg3  1/2-1/2

[Event "Corsica Masters 2011"]
[Site "Bastia FRA"]
[Date "2011.10.25"]
[Round "5.2"]
[White "Sasikiran,K"]
[Black "Durarbeyli,V"]
[Result "1/2-1/2"]
[WhiteElo "2689"]
[BlackElo "2526"]

1.d4 Nf6 2.c4 e6 3.g3 c5 4.d5 exd5 5.cxd5 d6 6.Nc3 a6 7.a4 g6 8.Bg2 Bg7 9.Nf3 O-O
10.O-O Re8 11.Nd2 Nbd7 12.h3 Rb8 13.Nc4 Ne5 14.Na3 Nh5 15.e4 Bd7 16.a5 Qxa5
17.g4 Nf6 18.f4 Nexg4 19.hxg4 Bxg4 20.Qd3 b5 21.Nc2 Qc7 22.Rxa6 c4 23.Qg3 b4
24.Nxb4 Rxb4 25.e5 dxe5 26.fxe5 Bf5 27.Rxf5 gxf5 28.d6 Qc5+ 29.Be3 Qxe5 30.Qxe5 Rxe5
31.Ra8+ Re8 32.Rxe8+ Nxe8 33.d7 Rb8 34.Bb6 Bf6 35.Nd5 Bg5 36.dxe8=Q+ Rxe8
37.Kf2 Bh4+ 38.Kf3 Re5 39.Ne3 Rb5 40.Bd4 Bg5 41.Bf1 Bxe3 42.Kxe3 Rb4 43.Bc3 Ra4
44.Kf4 Kf8 45.Kxf5 Ke7 46.Be2 Kd6 47.Kf6 Kd5 48.Bf3+ Kc5 49.Kxf7 Ra6 50.Kg7 h6
51.Bh5 Re6 52.Bg6 Kb5 53.Kxh6 Ka4 54.Kg5 Kb3  1/2-1/2

[Event "Corsica Masters 2011"]
[Site "Bastia FRA"]
[Date "2011.10.26"]
[Round "6.2"]
[White "Demuth,A"]
[Black "Sasikiran,K"]
[Result "0-1"]
[WhiteElo "2440"]
[BlackElo "2689"]

1.d4 Nf6 2.c4 e6 3.g3 Bb4+ 4.Bd2 Be7 5.Bg2 d5 6.Nf3 O-O 7.O-O c6 8.Qc2 Nbd7
9.Bf4 b6 10.cxd5 cxd5 11.Nc3 a6 12.e4 dxe4 13.Ng5 Bb7 14.Ncxe4 Rc8 15.Qd3 Nxe4
16.Nxe4 Nc5 17.Nxc5 Bxg2 18.Kxg2 bxc5 19.Rfd1 c4 20.Qf3 Qd5 21.Rac1 Rfd8
22.b3 Qxf3+ 23.Kxf3 cxb3 24.axb3 Rxc1 25.Bxc1 Rb8 26.Rd3 f6 27.h4 Kf7 28.Bf4 Rb4
29.Bd2 Rb5 30.Be3 Ke8 31.Rc3 Kd7 32.Ke4 Bd8 33.Rd3 Bc7 34.Bf4 Bb6 35.Be3 Kd6
36.Bf4+ Kc6 37.Rc3+ Kd7 38.Rd3 g6 39.Be3 Bc7 40.Bf4 Ba5 41.Be3 Kc6 42.Bf4 Bb4
43.Be3 Bd6 44.Rc3+ Kd7 45.Kd3 h5 46.Kc2 Ra5 47.Rc4 Ra1 48.Ra4 Rxa4 49.bxa4 Kc6
50.Kd3 Kd5 51.Bd2 Be7 52.f4 Ba3 53.Ba5 Be7 54.Bc7 Bb4 55.Bd8 f5 56.Bf6 Be1
57.Bd8 Bxg3 58.Bg5 Be1 59.Be7 Ba5 60.Bg5 Bc7 61.Bh6 Bd8  0-1

[Event "Corsica Masters 2011"]
[Site "Bastia FRA"]
[Date "2011.10.27"]
[Round "8.1"]
[White "Cheparinov,I"]
[Black "Sasikiran,K"]
[Result "1/2-1/2"]
[WhiteElo "2650"]
[BlackElo "2689"]

1.d4 Nf6 2.c4 e6 3.Nf3 b6 4.g3 Ba6 5.Qc2 Bb7 6.Bg2 c5 7.d5 exd5 8.cxd5 Nxd5
9.O-O Nc6 10.Rd1 Be7 11.a3 Nc7 12.Bf4 Ne6 13.e3 Nxf4 14.exf4 O-O 15.Nc3 d6
16.Rd2 Qd7 17.Rad1 Rad8 18.Nd5 h6 19.b4 Rfe8 20.bxc5 bxc5 21.Ne5 Qc8 22.Nxe7+ Rxe7
23.Bxc6 Bxc6 24.Rxd6 Rxd6 25.Rxd6 Be8 26.Qd3 f6 27.Qd5+ Kh7 28.Qd3+ Kg8 29.Qd5+ Kh7
30.Qd3+  1/2-1/2

[Event "Corsica Masters KO 2011"]
[Site "Bastia FRA"]
[Date "2011.10.28"]
[Round "1.2"]
[White "Arnold,Mar"]
[Black "Sasikiran,K"]
[Result "1-0"]
[WhiteElo "2505"]
[BlackElo "2689"]

1.d4 Nf6 2.c4 e6 3.Nc3 Bb4 4.e3 O-O 5.Bd3 d5 6.cxd5 exd5 7.Ne2 Re8 8.O-O b6
9.a3 Bf8 10.b4 Bb7 11.Rb1 a6 12.Bd2 Nbd7 13.f3 Rb8 14.g4 g6 15.Ng3 h6 16.Nce2 c5
17.Kg2 cxb4 18.axb4 b5 19.h4 Nb6 20.g5 hxg5 21.hxg5 Nfd7 22.f4 Nc4 23.Rf3 Bg7
24.Bc1 Rc8 25.Qh1 Nf8 26.Qh4 Rc6 27.f5 Nh7 28.f6 Nxf6 29.gxf6 Rxf6 30.Nf4 Nd6
31.Bd2 Ne4 32.Bxe4 dxe4 33.Rf2 Qd7 34.Rh1 Rc8 35.Qh7+ Kf8 36.Nxg6+ Ke8  1-0

[Event "Gibraltar Open"]
[Site "Caleta ENG"]
[Date "2012.01.29"]
[Round "6.2"]
[White "Dzagnidze,N"]
[Black "Sasikiran,K"]
[Result "1/2-1/2"]
[WhiteElo "2535"]
[BlackElo "2700"]

1.d4 Nf6 2.c4 g6 3.Nf3 Bg7 4.g3 c6 5.Bg2 d5 6.O-O O-O 7.Nc3 dxc4 8.Ne5 Ng4
9.Nxg4 Bxg4 10.Be3 Qa5 11.Qc1 Rd8 12.Rd1 Na6 13.f3 Be6 14.Bf2 Rd7 15.a3 Rad8
16.e3 c5 17.d5 Bxd5 18.Nxd5 Rxd5 19.Rxd5 Rxd5 20.Qxc4 e6 21.f4 b5 22.Qf1 Rd8
23.g4 c4 24.Bh4 Rd3 25.f5 exf5 26.gxf5 Qb6 27.f6 Bh6 28.Kh1 Nc5 29.Qf3 Qd8
30.Re1 Ne6 31.Qc6 Rd1 32.Qxb5 Bg5 33.Qa4 Rxe1+ 34.Bxe1 Bxf6 35.Qxc4 Qd1 36.Qf1 Bxb2
37.Bb4 Qb3 38.Qb1 a5 39.Bxa5 Qxa3 40.Bd2 Bc3 41.Qc1 Bb2 42.Qc4 Qa1+ 43.Qf1 Qa4
44.Bd5 Qc2 45.Be1 Qc1 46.Bxe6 fxe6 47.Qg1 Be5 48.Bf2 Qc4 49.Qg2 Kg7 50.h3 Qd5
51.Kg1 Qd1+ 52.Qf1 Qh5 53.Kg2 Qg5+ 54.Kh1 Bd6 55.Qg2 Qd5 56.Kg1 Qe5 57.Qf3 Qd5
58.Qg4 Bc5 59.Qf4 e5 60.Qg5 Qd1+ 61.Kh2 Qd6 62.Bg3 Qd2+ 63.Kh1 Qc1+ 64.Kg2 Qc2+
65.Kg1 Qd1+ 66.Kh2 Qe2+ 67.Kh1 Qf3+ 68.Kh2 Bxe3 69.Qe7+ Kh6 70.Qh4+ Qh5 71.Qxh5+ Kxh5
72.Bxe5  1/2-1/2

[Event "Gibraltar Open"]
[Site "Caleta ENG"]
[Date "2012.02.01"]
[Round "9.6"]
[White "Rapport,R"]
[Black "Sasikiran,K"]
[Result "0-1"]
[WhiteElo "2543"]
[BlackElo "2700"]

1.Nf3 Nf6 2.c4 b6 3.Nc3 Bb7 4.d4 e6 5.a3 d5 6.cxd5 Nxd5 7.e3 c5 8.Bb5+ Bc6
9.Bd3 cxd4 10.exd4 Nd7 11.O-O Be7 12.Re1 O-O 13.Ne4 Rc8 14.h4 Bb7 15.Bb1 Qc7
16.Bd2 N5f6 17.Nxf6+ Bxf6 18.Be3 Rfd8 19.Ng5 h6 20.Bh7+ Kf8 21.Nh3 Ne5 22.Rc1 Nc4
23.Bd2 Rxd4 24.Bb4+ Ke8 25.Qe2 Qd7 26.b3 Ne5 27.Rxc8+ Qxc8 28.f4 Nd7 29.Bg6 Nc5
30.Bh5 Re4 31.Qb5+ Bc6 32.Qf1 Rxe1 33.Qxe1 Nd3 34.Qb1 Qd7 35.Kh2 Nxb4 36.Qh7 Nd5  0-1

[Event "11th Aeroflot Open A"]
[Site "Moscow RUS"]
[Date "2012.02.15"]
[Round "9"]
[White "Sjugirov,S"]
[Black "Sasikiran,K"]
[Result "0-1"]
[WhiteElo "2622"]
[BlackElo "2700"]

1.e4 e5 2.Nf3 Nc6 3.d4 exd4 4.Nxd4 Nf6 5.Nxc6 bxc6 6.e5 Qe7 7.Qe2 Nd5 8.c4 Nb6
9.Nc3 Bb7 10.Bd2 O-O-O 11.O-O-O Kb8 12.h4 Re8 13.Rh3 Ba6 14.Qg4 Bc8 15.Rg3 Qc5
16.Ne4 Qxe5 17.Ng5 f5 18.Qf3 Rg8 19.Bc3 Qc5 20.b4 Qe7 21.Qxf5 g6 22.Qf4 Bh6
23.Re3 Qf8 24.Qxf8 Rexf8 25.f3 Rf4 26.Rd4 Rxh4 27.Rxh4 Bxg5 28.Re4 Bxe3+
29.Rxe3 Ba6 30.Re7 Bxc4 31.Bxc4 Nxc4 32.Rxd7 h5 33.Re7 Nb6 34.Bd2 Kc8 35.a3 Nd5
36.Rf7 Re8 37.Rg7 Re6 38.Kc2 Kb7 39.g4 hxg4 40.fxg4 Kb6 41.Kb3 a6 42.Rg8 c5
43.g5 Kc6 44.Bc1 Nb6 45.bxc5 Kxc5 46.Bb2 Nd5 47.Bh8 Rb6+ 48.Kc2 Re6 49.Kb3 c6
50.Bb2 Nf4 51.Bc1 Nd5 52.Bb2 a5 53.Bh8 a4+ 54.Kxa4 Re3 55.Rb8 Rh3 56.Bb2 Nb6+
57.Ka5 Rb3  0-1

[Event "32nd TCh-IND 2012"]
[Site "Panaji IND"]
[Date "2012.02.28"]
[Round "3"]
[White "Sasikiran,K"]
[Black "Sanjay,N"]
[Result "1-0"]
[WhiteElo "2700"]
[BlackElo "2331"]

1.d4 Nf6 2.c4 g6 3.g3 Bg7 4.Bg2 O-O 5.Nf3 d6 6.Nc3 Nbd7 7.O-O e5 8.e4 exd4
9.Nxd4 Re8 10.Re1 Nc5 11.h3 h6 12.Nb3 Nfd7 13.Be3 Ne5 14.Nxc5 dxc5 15.Qe2 Be6
16.Rad1 Qc8 17.f4 Bxc4 18.Qc2 Nd7 19.b3 Ba6 20.e5 Rb8 21.h4 Nf8 22.Bxc5 b6
23.Bxf8 Kxf8 24.Kh2 Rd8 25.Bh3 Qb7 26.e6 fxe6 27.Bxe6 c6 28.Qxg6 Qe7 29.Qh7  1-0

[Event "32nd TCh-IND 2012"]
[Site "Panaji IND"]
[Date "2012.02.29"]
[Round "4"]
[White "Bakre,T"]
[Black "Sasikiran,K"]
[Result "0-1"]
[WhiteElo "2509"]
[BlackElo "2700"]

1.c4 g6 2.Nc3 Bg7 3.g3 e5 4.Bg2 d6 5.d3 f5 6.e4 Nf6 7.Nge2 O-O 8.O-O c6 9.h3 Be6
10.Kh2 fxe4 11.Nxe4 Nxe4 12.Bxe4 d5 13.cxd5 cxd5 14.Bg2 Nc6 15.Nc3 Qd7 16.Bd2 Rf7
17.Qa4 b5 18.Nxb5 Nd4 19.Nc3 Nf3+ 20.Bxf3 Rxf3 21.Qxd7 Bxd7 22.Nxd5 Rxd3
23.Nc7 Rc8 24.Ba5 e4 25.Rab1 Be5 26.Rbc1 Bxb2 27.Rc2 Be5 28.Rfc1 e3 29.fxe3 Rxe3
30.Nd5 Rxc2+ 31.Rxc2 Rxg3 32.Nf6+ Kg7 33.Nxd7 Rc3+ 34.Nxe5 Rxc2+ 35.Kg3 Rxa2
36.Nc6 Kf6 37.h4 Ra3+ 38.Kf4 Ra4+ 39.Kf3 Kf5 40.Be1 Ra3+ 41.Kg2 Ke4 42.Bb4 Rb3
43.Be1 a6 44.Na5 Re3 45.Bb4 Kf5 46.Nc4 Rb3 47.Be1 Kf4 48.Ba5 Kg4 49.Be1 Rb1
50.Kf1 Rc1 51.Na5 Rc2 52.Nb3 Ra2 53.Na5 h6 54.Nc4 g5 55.hxg5 hxg5 56.Bd2 Kh4
57.Ke2 g4 58.Kd3 g3 59.Kc3 g2 60.Be3 Ra1 61.Kb4 Kg4 62.Bd4 Kf4 63.Kc5 Rb1
64.Bf2 Kf3 65.Bd4 Rd1 66.Be3 Ke4 67.Bf2 Rc1 68.Kb4 Kd3 69.Nd6 Rf1 70.Bc5 Rf6
71.Nb7 Rf4+ 72.Kb3 Rd4  0-1

[Event "32nd TCh-IND 2012"]
[Site "Panaji IND"]
[Date "2012.03.01"]
[Round "6"]
[White "Das,Arg"]
[Black "Sasikiran,K"]
[Result "0-1"]
[WhiteElo "2459"]
[BlackElo "2700"]

1.e4 e5 2.Nf3 Nc6 3.d4 exd4 4.Nxd4 Nf6 5.Nxc6 bxc6 6.e5 Qe7 7.Qe2 Nd5 8.Nd2 Nf4
9.Qe3 Ne6 10.Be2 Qc5 11.Qxc5 Bxc5 12.Ne4 Be7 13.Be3 d5 14.exd6 cxd6 15.O-O-O d5
16.Ng3 O-O 17.Nf5 Bf6 18.Nd4 Bd7 19.Nb3 a5 20.Nc5 Bc8 21.Nxe6 fxe6 22.f4 a4
23.Rhe1 Bd7 24.Bc5 Rfb8 25.Bd4 Kf7 26.Bg4 Rb7 27.Be5 Rab8 28.b3 Ra8 29.Re2 axb3
30.axb3 Rb4 31.g3 c5 32.Rde1 c4 33.Bxe6+ Bxe6 34.Bxf6 gxf6 35.Rxe6 cxb3 36.cxb3 Rxb3
37.f5 Ra1+ 38.Kd2 Rb2+ 39.Kc3 Rxe1 40.Rxe1 Rxh2 41.Rd1 Kg7 42.Rxd5 Kh6 43.Kd3 Rg2
44.Ke4 Rxg3 45.Rd7 Rg7 46.Rd6 Kg5 47.Ra6 Re7+ 48.Kf3 Kxf5 49.Ra5+ Re5 50.Ra7 h5
51.Ra8 Rb5 52.Kg3 Rb4 53.Ra5+ Kg6 54.Rc5 Rg4+ 55.Kf3 Rg5 56.Rc8 h4 57.Rg8+ Kf5
58.Rh8 Rg3+ 59.Kf2 Kg4 60.Rg8+ Kf4 61.Rh8 Rg4 62.Rh7 Kg5 63.Rh8 Rb4 64.Kg2 Rb2+
65.Kh3 Rb3+ 66.Kg2 f5 67.Ra8 Rg3+ 68.Kh2 Re3 69.Rg8+ Kf4 70.Ra8 Kg4 71.Rg8+ Kf3
72.Ra8 f4 73.Ra7 Kf2 74.Ra4 f3 75.Ra1 Re1 76.Ra3 Re3 77.Ra1 Ke2 78.Ra2+ Kf1
79.Ra1+ Re1 80.Ra8 f2 81.Ra2 Rb1  0-1